=LDR 00000nam 2200000 4500 =001 INLIS000000000030821 =005 20130612132933 =008 ***********************************ind** =035 ##$$0010-061300000030821 =041 ##$$a ind =082 ##$$a R.2X5,203 =090 ##$$a R.2X5,203, Jum k =100 ##$$a Jumantoro,Tatak =245 ##$$a Kamus ilmu tasawuf, totok Jumantoro, Samsul MunirAmir =260 ##$$a 2005 $b Jakarta =300 ##$$a XXXI, 314 hlm, 22 cm =650 ##$$a Tasawuf-Kamus =850 ##$$a NBPNMAT